00752nam a22001937a 4500999001900000005001700019010001500036020003000051035001400081037000900095082001800104100001900122245006300141260005700204270011900261300002000380942003200400952012600432 c183604d18360420211229152751.0 aENG-130754 a978-93-887-545-14c599.00 aEN-114286 bDBAD a796.358220954 aDutta, Anindya aWizards:cAnindya DuttabThe Story Of Indian Spin Bowling/ aChennaibWestland Publications Private Limitedc2019 a1st Floor, A Block, East Wing, Plot No. 40, SP Info City, Dr. MGR Salai, Perungudi, KandanchavadibChennaie600096 a454pc21cm(pbk) 2ddccENh796.358220954mDUT 001040708NFICaMbMd2021-12-29eDBAD/PUBg599.00l0o796.358220954 DUTpEN-114286r2021-12-29 00:00:00t1v599.00yEN